000 01520nam a2200493 i 4500
001 44680
003 KOSZ 005
005 20210917093225.0
008 011023s2002 pl |000 0 pol
015 _aUWD 2002/13901
020 _a8386990295
035 _a991019240629705066
035 _a(PL-WaBN)b15211927-48omnis_nlop
035 _ab15211927
035 _a(OCoLC)749369631
035 _a(PL)b0000001521192
035 _a(EXLNZ-48OMNIS_NETWORK)9910103308405606
040 _aWA N
_cWA N
_dKOSZ 005/HR
041 0 _apol
046 _k2002
080 _a338.48(438)
080 _a659.23
100 1 _aMerski, Janusz
_d(1941- )
_eAutor
245 1 0 _aInformacja turystyczna w Polsce /
_cJanusz Merski.
246 1 4 _aInformacja turystyczna
260 _aWarszawa :
_bWyższa Szkoła Ekonomiczna,
_c2002.
300 _a116, [1] s. ;
_c24 cm.
336 _aTekst
_btxt
_2rdacontent
337 _aBez urządzenia pośredniczącego
_bn
_2rdamedia
338 _aWolumin
_bnc
_2rdacarrier
380 _aKsiążki
388 _a2001-
504 _aBibliogr.
650 7 _aInformacja turystyczna
_2DBN
650 7 _aPromocja handlowa
_2DBN
650 7 _aTurystyka
_2DBN
650 7 _aMarketing
651 7 _aPolska
658 _aGospodarka, ekonomia, finanse
658 _aZarządzanie i marketing
856 _uhttp://koha.tu.koszalin.pl/cgi-bin/koha/opac-detail.pl?biblionumber=44680
_yKatalog online BPK
942 _2UKD
_cKS
999 _c44680
_d44680